000 00279nam a2200121Ia 4500
008 191201s2012 xx 000 0 und d
100 _aPRADHAN, Swapna
245 0 _aRetailing Management
260 _aNew Delhi
_bTMH
_c2012
300 _a711
650 _aBBA
942 _2ddc
_cBK
_03
999 _c5930
_d5930